000 00575nam a22001932 4500
001 0000012924
005 20151217155854.0
008 090402s xx 000 0 eng d
040 _aKABU
_cKABU
110 2 _aUniversity Press of East Africa.
_@0000169931
245 1 0 _aEngineer in East Africa.
250 _a1st ed.
260 _aNairobi :
_bUniversity Press of East Africa,
_c1972.
300 _a272 p.
650 0 _aEngineering
_zAfrica, East.
_@0000169932
852 1 _9p500 KES
908 _a090402
950 _@1
999 _c13554
_d13554